Сила, здраве, дълголетие (Запис номер 184092)
[ съкратено ]
| 000 -Лидер | |
|---|---|
| Контролно поле с фиксирана дължина | nam a22 a 4500 |
| 003 - Код на организацията, давaща контролен номер | |
| Контролно поле | BLK |
| 005 - Дата и час на последна редакция | |
| Контролно поле | 20230131145407.0 |
| 008 - Елементи от данни с фиксирана дължина | |
| fixed length control field | 180411b bul|||||r ||||||| ||bul|| |
| 010 ## - Наследен системен номер | |
| LC control number | KNG00193044000 |
| 040 ## - Източник на каталожния запис | |
| Идентификатор на билиотеката - собственик на записа | BLK |
| 041 ## - Код за език | |
| Код за езика на текст/звукозапис или на отделно заглавие | Български |
| Код за езика КДБФ | Български |
| 080 ## - УДК | |
| Текстов определител УДК | Стареене. Старост. Дълголетие. Регенерация - Хранене в старческата възраст, продължаване на живота. Вж и 577.7 ; 613.98 Геронтология; 616-053.9 Гериатрия |
| УДК код - определител по УДК | 612.67/.68 |
| УДК - код + определител | 612.67/.68 |
| 080 ## - УДК | |
| Текстов определител УДК | Спорт. Спортни игри. Физическа култура. Вж и 613;615.82;685.6/.7; 723.8; 793.3; 794 |
| УДК код - определител по УДК | 796 |
| УДК определител | -053.8 |
| УДК - код + определител | 796-053.8 |
| 100 1# - Редна дума - Автор | |
| Автор | Добрев, Павел Атанасов |
| Авторска отговорност | първи автор |
| R(LIN) | 382817 |
| 139 ## - Редно поле | |
| Редна дума | Добрев, Павел Атанасов |
| Авторски знак | До - Д 66 |
| 245 10 - Сведения за заглавието | |
| Заглавие | Сила, здраве, дълголетие |
| Подзаглавни данни | Изследване |
| Редно поле (дума) | Павел Атанасов Добрев. |
| 257 ## - Страна на издаване | |
| Страна на създаване/издаване | България |
| 260 ## - Област на издателските данни | |
| Място на издаване, разпространение и проч. | София |
| Име на издателя, разпространителя и проч. | Медицина и физкултура |
| Година на издаване | 1983 |
| Печатница | Пловдив : Д. Благоев |
| 300 ## - Физическа характеристика | |
| Страници | 223 с. |
| Илюстрации и др. | с ил., табл., диагр. |
| Размери/Мащаб | 20 см |
| 380 ## - Жанр | |
| Жанр | Медицина |
| 500 ## - Общи забележки | |
| Забележка | 13 100 тир. - Библиогр. с. 217-220. |
| 650 #4 - Допълнително описание по предмет – тема | |
| Основно описание – тема или топоним | Дълголетие |
| 9 (RLIN) | 153922 |
| 650 #4 - Допълнително описание по предмет – тема | |
| Основно описание – тема или топоним | Здраве |
| 9 (RLIN) | 155895 |
| 852 ## - Местоположение | |
| Форматна сигнатура | Цб 124150 |
| 856 4# - Електронен адрес и достъп | |
| Електронен формат | pdf - файл |
| Инструкция (цена за достъп) | 0.00 |
| Права за достъп | disable |
| 856 4# - Електронен адрес и достъп | |
| Електронен формат | pdf - файл |
| Инструкция (цена за достъп) | 0.00 |
| Права за достъп | disable |
| 999 ## - СИСТЕМНИ КОНТРОЛНИ НОМЕРА | |
| Koha biblionumber | 184092 |
| Koha biblioitemnumber | 184092 |
| 942 ## - АРТИКУЛИ | |
| Вид на библиотечния материал | Книги |
| Скрит в OPAC | Не |
| Koha issues (borrowed), all copies | 1 |
| Периодичен библиозапис | Да |
| 944 ## - СЪЗДАВАНЕ И РЕДАКЦИЯ на ЗАПИСА | |
| Създаване/Редакция | Създаване |
| Дата на регистрацията/редакция | 14.10.2016 |
| Служител, извършил регистрацията/редакцията | Грета_Цуфелде |
| 944 ## - СЪЗДАВАНЕ И РЕДАКЦИЯ на ЗАПИСА | |
| Създаване/Редакция | Редакция |
| Дата на регистрацията/редакция | 2023-01-31 |
| Служител, извършил регистрацията/редакцията | ир |
| 999 ## - СИСТЕМНИ КОНТРОЛНИ НОМЕРА | |
| Koha biblioitemnumber | 184092 |
| Код за отписване | Код за изгубен артикул | Източник на класификационната схема | Код за повреда | Коз за рестрикции | Код за отдаване | Артикулен № | Име на библиотеката - собственик | Име на библиотеката, в която се намира в момента | Статус (Текущо местоположение) | Дата на вписване в системата | Местоположение - отдел | Цена в лева | Инвентарен номер | Систематично азбучна сигнатура | Баркод | Номер на екземпляра | Цена в евро | Служебна бележка | Служебен тип на артикула | Бележка за публиката |
|---|---|---|---|---|---|---|---|---|---|---|---|---|---|---|---|---|---|---|---|---|
| Не е изгубен | Universal Decimal Classification | Не е повреден | само за читалня | ползва се в читалня | 317889 | Регионална библиотека "Любен Каравелов" Русе | Регионална библиотека "Любен Каравелов" Русе | Хранилище | 1983-01-01 | Хранилище | 1.52 | 388044 | Цб 124150 | 120000388044 | 1 | 0.78 | N: стар фонд Дата: 01.01.1983 | Книги | ||
| Изтеглен | Не е изгубен | Universal Decimal Classification | Не е повреден | без рестрикции | заемане за дома | 317890 | Регионална библиотека "Любен Каравелов" Русе | Регионална библиотека "Любен Каравелов" Русе | Заемна - подръчен фонд | 1983-01-01 | Заемна - подръчен фонд | 1.52 | 391235 | П 612.67/.68/Д 66 | 391235 | 2 | 0.78 | N: стар фонд Дата: 01.01.1983 Дата инв: 02.02.2018 Бележки инв: П2018 | Книги | |
| Изтеглен | Не е изгубен | Не е повреден | без рестрикции | заемане за дома | 317891 | Регионална библиотека "Любен Каравелов" Русе | Регионална библиотека "Любен Каравелов" Русе | 1983-01-01 | Заемна - подръчен фонд | 1.52 | 391237 | П 612.67/.68/Д 66 | 391237 | 3 | 0.78 | N: стар фонд Дата: 01.01.1983 | Книги | Отч.N: 6/2018 , Дата: 22.01.2018 |